Разработка модели каскада экстракционных колонн с использованием MatLab/Simulink; Современные техника и технологии; Т. 2

Detalles Bibliográficos
Parent link:Современные техника и технологии: сборник трудов XVII международной научно-практической конференции студентов, аспирантов и молодых ученых, Томск, 18-22 апреля 2011 г/ Национальный исследовательский Томский политехнический университет (ТПУ).— , 2011
Т. 2.— 2011.— [С. 394-395]
Autor principal: Михалевич С. С. Сергей Сергеевич
Otros Autores: Горюнов А. Г. Алексей Германович (научный руководитель), Чурсин Ю. А. Юрий Александрович
Sumario:Заглавие с титульного экрана
Lenguaje:ruso
Publicado: 2011
Colección:Информатика и управление в технических системах
Materias:
Acceso en línea:http://www.lib.tpu.ru/fulltext/c/2011/C01/V02/192.pdf
Formato: MixedMaterials Electrónico Capítulo de libro
KOHA link:https://koha.lib.tpu.ru/cgi-bin/koha/opac-detail.pl?biblionumber=234871

MARC

LEADER 00000naa2a2200000 4500
001 234871
005 20260210095319.0
035 |a (RuTPU)RU\TPU\book\256000 
035 |a RU\TPU\book\255999 
090 |a 234871 
100 |a 20130401d2011 k y0rusy50 ca 
101 0 |a rus 
102 |a RU 
135 |a drnn ---uucaa 
181 0 |a i  
182 0 |a b 
200 1 |a Разработка модели каскада экстракционных колонн с использованием MatLab/Simulink  |f С. С. Михалевич, А. Г. Горюнов, Ю. А. Чурсин  |g науч. рук. Ю. А. Чурсин 
203 |a Текст  |c электронный 
225 1 |a Информатика и управление в технических системах 
300 |a Заглавие с титульного экрана 
320 |a [Библиогр.: с. 395 (6 назв.)] 
337 |a Adobe Reader 
461 1 |0 (RuTPU)RU\TPU\book\255301  |t Современные техника и технологии  |o сборник трудов XVII международной научно-практической конференции студентов, аспирантов и молодых ученых, Томск, 18-22 апреля 2011 г  |o в 3 т.  |f Национальный исследовательский Томский политехнический университет (ТПУ)  |d 2011 
463 1 |0 (RuTPU)RU\TPU\book\255307  |t Т. 2  |v [С. 394-395]  |d 2011 
610 1 |a труды учёных ТПУ 
610 1 |a электронный ресурс 
610 1 |a разработка 
610 1 |a модели 
610 1 |a экстракционные колонны 
610 1 |a MatLab 
610 1 |a Simulink 
610 1 |a программы 
700 1 |a Михалевич  |b С. С.  |c специалист в области автоматического управления  |c инженер-проектировщик Томского политехнического университета  |f 1988-  |g Сергей Сергеевич  |3 (RuTPU)RU\TPU\pers\30350 
701 1 |a Горюнов  |b А. Г.  |c специалист в области автоматического управления  |c заведующий кафедрой Томского политехнического университета, доктор технических наук  |f 1979-  |g Алексей Германович  |3 (RuTPU)RU\TPU\pers\25726  |9 11628 
701 1 |a Чурсин  |b Ю. А.  |c российский ученый, специалист в области автоматики физических установок  |c ассистент Томского политехнического университета  |f 1984-  |g Юрий Александрович  |3 (RuTPU)RU\TPU\pers\25742 
702 1 |a Чурсин  |b Ю. А.  |c российский ученый, специалист в области автоматики физических установок  |c ассистент Томского политехнического университета  |f 1984-  |g Юрий Александрович  |3 (RuTPU)RU\TPU\pers\25742  |4 727 
801 2 |a RU  |b 63413507  |c 20130416  |g RCR 
856 4 |u http://www.lib.tpu.ru/fulltext/c/2011/C01/V02/192.pdf 
942 |c CF